000 00598nam a2200205Ia 4500
005 20250508165337.0
008 008 250505s9999 xx 000 0 hin d
020 _a978-93-81945-90-2
037 _aTextual
040 _aFEDL
_beng
_cFEDL
041 _ahin
_2eng
084 _a891.433, YAD
_qFEDL
100 _aYadav Rajendra
245 0 _aAadmi ki nigah mein aurat: Stree- vimarsh aur stree- lekhan
260 _aNew Delhi, India
_bRajkamal Prakashan Pvt. Ltd.
_c2007
300 _a259p.
365 _aINR
_b250
942 _cTEXL
_h891.433, YAD
999 _c1394583
_d1394583